00625nam a22001817a 4500003000400000008004100004020001800045082001500063100002000078245003900098250001300137260005500150300001100205650001100216942001300227999001700240952018600257OSt241023b |||||||| |||| 00| 0 eng d a9788190402538 a670.42 KUT aKUMAR, Jitendra aTextile Chemical Processing Vol. I a1st. ed. aDelhi, bPankaj Publication International,c2011,  a374 p. aB.FAD. 2ddccREF c12959d12959 00102ddc40708BFADaPIETNCRbPIETNCRd2024-10-01ePankaj Publication InternationalfIn Rupeesg1195.00kPPI-15l0o670.42 KUTpN3792r2026-01-01 00:00:00v872.35w2024-10-01yREF